US States Without NBA Teams - Statistics

General Stats
  • This quiz has been taken 632 times
  • The average score is 22 of 29
Answer Stats
State % Correct
North Dakota
83%
Alabama
82%
South Dakota
82%
Alaska
81%
Maine
81%
South Carolina
79%
Washington
79%
Hawaii
78%
Arkansas
77%
Kansas
77%
Montana
77%
New Mexico
77%
Idaho
75%
Rhode Island
75%
Wyoming
75%
Nevada
74%
Vermont
74%
Virginia
74%
Mississippi
73%
West Virginia
73%
Iowa
72%
New Hampshire
72%
Delaware
71%
Kentucky
71%
New Jersey
71%
Connecticut
70%
Maryland
69%
Nebraska
69%
Missouri
67%
No matching quizzes found
Score Distribution
Percent of People with Each Score
Percentile by Number Answered
Your Score History
You have not taken this quiz